Vainqueurs du Grand Prix d'Australie de Formule 1 - Statistiques

Statistiques générales
  • Ce quiz a été pris 431 fois
    139 depuis la dernière actualisation
  • Le résultat moyen est 33 sur 39
Statistiques - réponses
Année Circuit Vainqueur Ecurie % Correct
2022 Melbourne Charles Leclerc Ferrari
100%
2008 Melbourne Lewis Hamilton McLaren-Mercedes
100%
2015 Melbourne Lewis Hamilton Mercedes
100%
2023 Melbourne Max Verstappen Red Bull-Honda
99%
1986 Adelaïde Alain Prost McLaren-TAG Porsche
98%
1988 Adelaïde Alain Prost McLaren-Honda
98%
2000 Melbourne Michael Schumacher Ferrari
98%
2001 Melbourne Michael Schumacher Ferrari
98%
2002 Melbourne Michael Schumacher Ferrari
98%
2004 Melbourne Michael Schumacher Ferrari
98%
2025 Melbourne Lando Norris McLaren-Mercedes
97%
2006 Melbourne Fernando Alonso Renault
96%
1991 Adelaïde Ayrton Senna McLaren-Honda
95%
1993 Adelaïde Ayrton Senna McLaren-Ford
95%
2011 Melbourne Sebastian Vettel Red Bull-Renault
95%
2017 Melbourne Sebastian Vettel Ferrari
95%
2018 Melbourne Sebastian Vettel Ferrari
95%
2024 Melbourne Carlos Sainz Ferrari
93%
1985 Adelaïde Keke Rosberg Williams-Honda
92%
2014 Melbourne Nico Rosberg Mercedes
92%
2016 Melbourne Nico Rosberg Mercedes
92%
2019 Melbourne Valtteri Bottas Mercedes
92%
2007 Melbourne Kimi Räikkönen Ferrari
91%
2013 Melbourne Kimi Räikkönen Lotus-Renault
91%
2009 Melbourne Jenson Button Brawn-Mercedes
89%
2010 Melbourne Jenson Button McLaren-Mercedes
89%
2012 Melbourne Jenson Button McLaren-Mercedes
89%
1998 Melbourne Mika Häkkinen McLaren-Mercedes
75%
1995 Adelaïde Damon Hill Williams-Renault
73%
1996 Melbourne Damon Hill Williams-Renault
73%
1994 Adelaïde Nigel Mansell Williams-Renault
66%
1990 Adelaïde Nelson Piquet Benetton-Ford
64%
1997 Melbourne David Coulthard McLaren-Mercedes
60%
2003 Melbourne David Coulthard McLaren-Mercedes
60%
2005 Melbourne Giancarlo Fisichella Renault
57%
1999 Melbourne Eddie Irvine Ferrari
53%
1987 Adelaïde Gerhard Berger Ferrari
48%
1992 Adelaïde Gerhard Berger McLaren-Honda
48%
1989 Adelaïde Thierry Boutsen Williams-Renault
28%
Aucun quiz correspondant
Distribution des résultats
% des personnes avec chaque résultat
Percentile par nombre de réponses
Votre historique - résultats
Vous n’avez pas pris ce quiz depuis la dernière actualisation